| 000 | 00939nam a2200265 a 4500 | ||
|---|---|---|---|
| 001 | 11768 | ||
| 003 | BD-RjUL | ||
| 005 | 20211208235159.0 | ||
| 008 | 140127s1960 enk 001 0 eng d | ||
| 035 | _a(BD-RjUL)11817 | ||
| 040 |
_aANL _beng _cANL _dVU _dBD-RjUL |
||
| 041 | _aeng | ||
| 082 | 0 | 4 |
_223 _a570.15195 _bBIO 1960 |
| 111 | 2 |
_aInternational Symposium on Biometrical Genetics, _d(1958 : _cOttawa) _9215399 |
|
| 245 | 1 | 0 |
_aBiometrical genetics : _bproceedings / _cedited by Oscar Kempthorne. |
| 260 |
_aLondon : _bSymposium Publications Division, Pergamon Press, _c1960. |
||
| 300 |
_aviii, 234 p. ; _c23 cm. |
||
| 504 | _aIncludes index. | ||
| 650 | 0 |
_aBiometry. _936447 |
|
| 650 | 0 |
_aGenetics _xCongresses. _936448 |
|
| 700 | 1 |
_aKempthorne, Oscar. _936449 |
|
| 942 |
_2ddc _cBK |
||
| 999 |
_c11768 _d11768 |
||